000 01516cam a2200397 i 4500
001 12859852
003 EG-ScBUE
005 20230524104856.0
008 020718t2003 nyua f 001 0 eng d
020 _a0764517953
020 _a9780764517952
040 _aDLC
_beng
_erda
_cDLC
_dDLC
_dEG-ScBUE
082 0 4 _a005.133
_222
_bCOG
100 1 _aCogswell, Jeffrey M.,
_d1968-
_eauthor.
245 1 0 _aC++ all-in-one desk reference for dummies /
_cby Jeff Cogswell.
264 1 _aNew York, NY :
_bWiley Publishing, Inc.,
_c[2003]
264 4 _cc2003
300 _axxiv, 826 pages :
_billustrations ;
_c24 cm +
_e1 CD
336 _2rdacontent
_atext
_btxt
336 _2rdacontent
_asounds
_bsnd
337 _2rdamedia
_aunmediated
_bn
337 _2rdamedia
_aaudio
_bs
338 _2rdacarrier
_avolume
_bnc
338 _2rdacarrier
_acomputer disc
_bcd
500 _aIncludes index.
630 0 7 _aMicrosoft Visual C++.
_2BUEsh
650 7 _aC++ (Computer program language)
_2BUEsh
653 _bCOMSCI
655 _vReading book
856 4 2 _3Contributor biographical information
_uhttp://www.loc.gov/catdir/bios/wiley045/2002110267.html
856 4 2 _3Publisher description
_uhttp://www.loc.gov/catdir/description/wiley039/2002110267.html
856 4 1 _3Table of contents
_uhttp://www.loc.gov/catdir/toc/wiley031/2002110267.html
906 _a7
_bcbc
_corignew
_d2
_eepcn
_f20
_gy-gencatlg
942 _2ddc
_cBB
999 _c30444
_d30415